| 000 | 00835cam a22002653a 4500 | ||
|---|---|---|---|
| 001 | 7825 | ||
| 003 | PGUSA | ||
| 005 | 20140828083149.0 | ||
| 008 | 050401s2005||||xxu|||||s|||||000 | eng d | ||
| 040 |
_aPGUSA _beng |
||
| 042 | _adc | ||
| 050 | 4 | _aQA | |
| 100 | 1 |
_aArchimedes, _d-290--212 |
|
| 245 | 1 | 0 |
_aGeometrical Solutions Derived from Mechanics; a Treatise of Archimedes _h[electronic resource] / _cArchimedes |
| 260 |
_bProject Gutenberg, _c2005 |
||
| 506 | _aPublic domain in the USA. | ||
| 516 | _aElectronic text | ||
| 653 | _aGeometry -- Early works to 1800 | ||
| 700 | 1 |
_aHeiberg, J. L. _q(Johan Ludvig), _d1854-1928 |
|
| 700 | 1 |
_aSmith, David Eugene, _d1860-1944 |
|
| 700 | 1 |
_aRobinson, Lydia Gillingham, _d1875- |
|
| 830 | 0 |
_aProject Gutenberg _v7825 |
|
| 856 | 4 | 0 | _uhttp://www.gutenberg.org/ebooks/7825 |
| 942 | _cEB | ||
| 999 |
_c237125 _d237125 |
||